000 02052nam a22002537i 4500
001 IT\ICCU\UBO\4080114
003 ItRI
005 20240222185131.0
008 140619s2014 it |||||| ||||| |||||c
020 _a9788886633666
040 _bita
_cC
041 7 _aita
_2ISO-639-2
100 1 _aLorde, Audre
_0IT\ICCU\UBOV\097842
240 1 0 _aSorella outsider
245 1 0 _aSorella outsider :
_bgli scritti politici di Audre Lorde /
_ctraduzione di Margherita Giacobino, Marta Gianello Guida.
260 _aMilano :
_bIl Dito e La Luna,
_c2014
300 _a398 p., [8] p. di tav. :
_bill. ;
_c21 cm.
520 _aAudre Lorde (USA 1934-1992), autrice di poesie (nominata Poeta dello Stato di New York nel 1991), dell’autobiomitografia Zami e di una serie di scritti politici e diaristici, fu, in vita, una figura di dimensioni leggendarie e, dopo la morte, un mito underground del femminismo internazionale.Di Lorde - poeta, femminista, Nera, madre, guerriera, lesbica – si è parlato tanto anche in Italia, ma senza che le lettrici e i lettori italiani avessero, finora, la possibilità di leggerla nella loro lingua.Audre Lorde è un’autrice militante che segna la sua epoca e i decenni successivi, impronta l’azione politica di molte donne Nere e non, suscita risvegli di coscienza in chi la legge, travalica e amplia il pensiero femminista.Lorde è una poeta che fa politica a partire dal linguaggio della poesia, in cui si esprime il sentire profondo, e una filosofa che elabora un pensiero di rara sintesi la cui ricchezza ci ispira ancora oggi e la cui lucidità supera brillantemente la prova del tempo.In Sorella Outsider Il Dito e La Luna raccoglie tutti i suoi scritti in prosa (tranne l’opera narrativa Zami), a suo tempo apparsi negli Stati Uniti nei tre volumiThe Cancer Journals, Sister Outsider e A Burst of Light.
700 1 _aGiacobino, Margherita,
_d1952-
_0IT\ICCU\CFIV\137755
_4trl
_94
700 1 _aGianello Guida, Marta
_0IT\ICCU\UBOV\406440
_4trl
942 _2ddc
_cBK
981 1 _6z01
_ai
_bxxxe
982 1 _6z01
_an
999 _c663
_d663